000 00237nam a2200097Ia 4500
008 190216s9999||||xx |||||||||||||| ||und||
100 _aPhilips Price M
245 0 _aHistory Of Turkey
260 _b"Kitab Bhavan, New Delhi-2"
942 _cBK
999 _c19048
_d19048